50 απλά πράγματα που μπορείς να κάνεις για να σώσεις τη γη
Αποθηκεύτηκε σε:
| Συγγραφή απο Οργανισμό/Αρχή: | |
|---|---|
| Άλλοι συγγραφείς: | |
| Μορφή: | Βιβλίο |
| Γλώσσα: | Greek English |
| Δημοσίευση: |
Αθήνα :
Το Ποντίκι,
c1991.
|
| Θέματα: | |
| Ετικέτες: |
Προσθήκη ετικέτας
Δεν υπάρχουν, Καταχωρήστε ετικέτα πρώτοι!
|
MARC
| LEADER | 00000cam a2200000 i 4500 | ||
|---|---|---|---|
| 001 | 1/47659 | ||
| 008 | 980701s1991 gr | ||| |||| ||gre|| | ||
| 020 | |a 960840200X | ||
| 035 | |l 10043122 | ||
| 040 | |a GR-MyUA |b gre |e AACR2 | ||
| 041 | 1 | |a gre |h eng | |
| 082 | 0 | |a 363.7 | |
| 245 | 0 | 0 | |a 50 απλά πράγματα που μπορείς να κάνεις για να σώσεις τη γη / |c The earth works group ; μετάφραση Ρούσσος Βρανάς. |
| 246 | 3 | 3 | |a Πενήντα απλά πράγματα που μπορείς να κάνεις για να σώσεις τη γη |
| 260 | |a Αθήνα : |b Το Ποντίκι, |c c1991. | ||
| 300 | |a 148 σ. ; |c 21 εκ. | ||
| 500 | |a Τίτλος πρωτοτύπου: 50 simple things kids can do to save the earth | ||
| 650 | 0 | 0 | |a Environmental protection |x Citizen participation. |
| 700 | 1 | |a Βρανάς, Ρούσσος, |e trl | |
| 710 | 2 | |a Earth Works Group (U.S.) | |
| 852 | |a INST |b SAMOS |e 19980701 |h 363.7 EAR |p 005300011036 |q 005300011036 |t BK |y 0 | ||
| 901 | |a BIBL-1998-2 | ||